00429nam a2200169Ia 4500003000500000008004100005020002200046040001900068082000700087100001900094245004500113260005500158300001000213365000800223546001200231700001600243STCL230729s9999 xx 000 0 und d a9789382894285qHB aSTCLcSTCLbEN 222 aPattanaik, S N 0aPanchayati raj: training and development bArise Publishers and DistributorsaNew Delhic2013 a304 p b950 aEnglish aJain, Tulsi